[Event "4NCL 3 South pool C"]
[Site "Reading, ENG"]
[Date "2017.04.29"]
[Round "9.46"]
[White "Smith, Graham"]
[Black "Myall, Ivan J"]
[Result "0-1"]
[WhiteElo "2011"]
[BlackElo "2057"]
[PlyCount "112"]
[EventDate "2017.04.29"]
[WhiteTeam "MK Phoenix 1"]
[BlackTeam "Anglian Avengers 2"]

1. d4 Nf6 2. Nf3 d5 3. c4 c6 4. Qb3 Qb6 5. Nc3 Qxb3 6. axb3 Bf5 7. c5 Nbd7 8.
Bf4 Nh5 9. Bc7 Bg4 10. Nd2 e5 11. e3 exd4 12. exd4 Be7 13. h3 Be6 14. Be2 Nhf6
15. b4 O-O 16. O-O Rfc8 17. Bf4 a6 18. Nb3 Ne4 19. Na4 g5 20. Bh2 Bd8 21. f3
Nef6 22. Na5 Bxa5 23. bxa5 Bf5 24. Rfe1 Re8 25. Bf1 Rxe1 26. Rxe1 Re8 27. Kf2
Rxe1 28. Kxe1 h5 29. g4 hxg4 30. hxg4 Bc2 31. Nc3 Nf8 32. Kd2 Bg6 33. Na4 Ne6
34. Ke3 Ne8 35. Nb6 f6 36. Nc8 Kf7 37. b4 Nd8 38. Bb8 Ke6 39. f4 Bc2 40. f5+
Kd7 41. Nb6+ Ke7 42. Be2 Be4 43. Na4 Nf7 44. Nc3 Bc2 45. Kd2 Bb3 46. Bf3 Bc4
47. Nd1 Kd7 48. Ne3 Bb5 49. Nxd5 cxd5 50. Bxd5 Nd8 51. Ke3 Nc7 52. Bf3 Nc6 53.
Bxc7 Kxc7 54. d5 Nxb4 55. Kd4 Nd3 56. Be4 Ne5 0-1